<?xml version="1.0" encoding="UTF-8"?>
<collection xmlns="http://www.loc.gov/MARC21/slim">
 <record>
  <leader>02452nam a22003378a 4500</leader>
  <controlfield tag="001">NCT_5832</controlfield>
  <controlfield tag="008">040524s2004              b   000 0    od</controlfield>
  <datafield tag="999" ind1=" " ind2=" ">
   <subfield code="c">296</subfield>
   <subfield code="d">296</subfield>
  </datafield>
  <datafield tag="020" ind1=" " ind2=" ">
   <subfield code="c">36000</subfield>
  </datafield>
  <datafield tag="082" ind1="0" ind2="4">
   <subfield code="2">23rd ed.</subfield>
   <subfield code="a">428.2</subfield>
   <subfield code="b">W178</subfield>
  </datafield>
  <datafield tag="100" ind1="1" ind2=" ">
   <subfield code="a">Walker, Elaine</subfield>
  </datafield>
  <datafield tag="245" ind1="1" ind2="0">
   <subfield code="a">New edition grammar practice for Upper -  Intermediate students</subfield>
   <subfield code="c">Elaine Walker, Steve Elsworth ; Thực hiện: Lê Thành Tâm,Lê ngọc Phương Anh</subfield>
  </datafield>
  <datafield tag="260" ind1=" " ind2=" ">
   <subfield code="a">Tp. Hồ Chí Minh</subfield>
   <subfield code="b">Nxb. Trẻ</subfield>
   <subfield code="c">2004</subfield>
  </datafield>
  <datafield tag="300" ind1=" " ind2=" ">
   <subfield code="a">203tr : tranh vẽ</subfield>
   <subfield code="c">21cm</subfield>
  </datafield>
  <datafield tag="520" ind1="3" ind2=" ">
   <subfield code="a">Những vấn đề ngữ pháp chính tiếng Anh (trình độ nâng cao) và các bài tập thực hành ứng dụng: danh từ, tính từ, động từ các thì, cấu trúc câu...</subfield>
  </datafield>
  <datafield tag="653" ind1=" " ind2=" ">
   <subfield code="a">Tiếng Anh</subfield>
  </datafield>
  <datafield tag="653" ind1=" " ind2=" ">
   <subfield code="a">Ngôn ngữ</subfield>
  </datafield>
  <datafield tag="655" ind1=" " ind2=" ">
   <subfield code="a">Cơ bản</subfield>
  </datafield>
  <datafield tag="700" ind1="1" ind2=" ">
   <subfield code="a">Ban biên dịch First news</subfield>
   <subfield code="e">Dịch</subfield>
  </datafield>
  <datafield tag="700" ind1="1" ind2=" ">
   <subfield code="a">Elsworth, Steve</subfield>
  </datafield>
  <datafield tag="942" ind1=" " ind2=" ">
   <subfield code="2">ddc</subfield>
   <subfield code="c">BK</subfield>
  </datafield>
  <datafield tag="952" ind1=" " ind2=" ">
   <subfield code="0">0</subfield>
   <subfield code="1">0</subfield>
   <subfield code="2">ddc</subfield>
   <subfield code="4">0</subfield>
   <subfield code="6">428_200000000000000_W178</subfield>
   <subfield code="7">0</subfield>
   <subfield code="9">4770</subfield>
   <subfield code="a">000001</subfield>
   <subfield code="b">000001</subfield>
   <subfield code="d">2017-11-29</subfield>
   <subfield code="l">1</subfield>
   <subfield code="m">1</subfield>
   <subfield code="o">428.2 W178</subfield>
   <subfield code="p">MD.03356</subfield>
   <subfield code="r">2020-07-03</subfield>
   <subfield code="s">2018-01-31</subfield>
   <subfield code="v">36000.00</subfield>
   <subfield code="w">2017-11-29</subfield>
   <subfield code="y">BK</subfield>
  </datafield>
  <datafield tag="952" ind1=" " ind2=" ">
   <subfield code="0">0</subfield>
   <subfield code="1">0</subfield>
   <subfield code="2">ddc</subfield>
   <subfield code="4">0</subfield>
   <subfield code="6">428_200000000000000_W178</subfield>
   <subfield code="7">0</subfield>
   <subfield code="9">17558</subfield>
   <subfield code="a">000001</subfield>
   <subfield code="b">000001</subfield>
   <subfield code="d">2019-09-03</subfield>
   <subfield code="l">2</subfield>
   <subfield code="o">428.2 W178</subfield>
   <subfield code="p">MD.03357</subfield>
   <subfield code="r">2020-10-22</subfield>
   <subfield code="s">2020-10-19</subfield>
   <subfield code="v">36000.00</subfield>
   <subfield code="w">2019-09-03</subfield>
   <subfield code="y">BK</subfield>
  </datafield>
  <datafield tag="952" ind1=" " ind2=" ">
   <subfield code="0">0</subfield>
   <subfield code="1">0</subfield>
   <subfield code="2">ddc</subfield>
   <subfield code="4">0</subfield>
   <subfield code="6">428_200000000000000_W178</subfield>
   <subfield code="7">0</subfield>
   <subfield code="9">17559</subfield>
   <subfield code="a">000001</subfield>
   <subfield code="b">000001</subfield>
   <subfield code="d">2019-09-03</subfield>
   <subfield code="l">1</subfield>
   <subfield code="o">428.2 W178</subfield>
   <subfield code="p">MD.03358</subfield>
   <subfield code="r">2020-11-09</subfield>
   <subfield code="s">2020-10-14</subfield>
   <subfield code="v">36000.00</subfield>
   <subfield code="w">2019-09-03</subfield>
   <subfield code="y">BK</subfield>
  </datafield>
  <datafield tag="952" ind1=" " ind2=" ">
   <subfield code="0">0</subfield>
   <subfield code="1">0</subfield>
   <subfield code="2">ddc</subfield>
   <subfield code="4">0</subfield>
   <subfield code="6">428_200000000000000_W178</subfield>
   <subfield code="7">0</subfield>
   <subfield code="9">17560</subfield>
   <subfield code="a">000001</subfield>
   <subfield code="b">000001</subfield>
   <subfield code="d">2019-09-03</subfield>
   <subfield code="o">428.2 W178</subfield>
   <subfield code="p">MD.03359</subfield>
   <subfield code="r">2019-09-03</subfield>
   <subfield code="v">36000.00</subfield>
   <subfield code="w">2019-09-03</subfield>
   <subfield code="y">BK</subfield>
  </datafield>
  <datafield tag="952" ind1=" " ind2=" ">
   <subfield code="0">0</subfield>
   <subfield code="1">0</subfield>
   <subfield code="2">ddc</subfield>
   <subfield code="4">0</subfield>
   <subfield code="6">428_200000000000000_W178</subfield>
   <subfield code="7">0</subfield>
   <subfield code="9">17561</subfield>
   <subfield code="a">000001</subfield>
   <subfield code="b">000001</subfield>
   <subfield code="d">2019-09-03</subfield>
   <subfield code="o">428.2 W178</subfield>
   <subfield code="p">MD.04158</subfield>
   <subfield code="r">2019-09-03</subfield>
   <subfield code="v">36000.00</subfield>
   <subfield code="w">2019-09-03</subfield>
   <subfield code="y">BK</subfield>
  </datafield>
  <datafield tag="952" ind1=" " ind2=" ">
   <subfield code="0">0</subfield>
   <subfield code="1">0</subfield>
   <subfield code="2">ddc</subfield>
   <subfield code="4">0</subfield>
   <subfield code="6">428_200000000000000_W178</subfield>
   <subfield code="7">0</subfield>
   <subfield code="9">17562</subfield>
   <subfield code="a">000001</subfield>
   <subfield code="b">000001</subfield>
   <subfield code="d">2019-09-03</subfield>
   <subfield code="o">428.2 W178</subfield>
   <subfield code="p">MD.04159</subfield>
   <subfield code="r">2019-09-03</subfield>
   <subfield code="v">36000.00</subfield>
   <subfield code="w">2019-09-03</subfield>
   <subfield code="y">BK</subfield>
  </datafield>
  <datafield tag="952" ind1=" " ind2=" ">
   <subfield code="0">0</subfield>
   <subfield code="1">0</subfield>
   <subfield code="2">ddc</subfield>
   <subfield code="4">0</subfield>
   <subfield code="6">428_200000000000000_W178</subfield>
   <subfield code="7">0</subfield>
   <subfield code="9">17563</subfield>
   <subfield code="a">000001</subfield>
   <subfield code="b">000001</subfield>
   <subfield code="d">2019-09-03</subfield>
   <subfield code="o">428.2 W178</subfield>
   <subfield code="p">MD.04160</subfield>
   <subfield code="r">2019-09-03</subfield>
   <subfield code="v">36000.00</subfield>
   <subfield code="w">2019-09-03</subfield>
   <subfield code="y">BK</subfield>
  </datafield>
  <datafield tag="952" ind1=" " ind2=" ">
   <subfield code="0">0</subfield>
   <subfield code="1">0</subfield>
   <subfield code="2">ddc</subfield>
   <subfield code="4">0</subfield>
   <subfield code="6">428_200000000000000_W178</subfield>
   <subfield code="7">0</subfield>
   <subfield code="9">17564</subfield>
   <subfield code="a">000001</subfield>
   <subfield code="b">000001</subfield>
   <subfield code="d">2019-09-03</subfield>
   <subfield code="l">1</subfield>
   <subfield code="m">1</subfield>
   <subfield code="o">428.2 W178</subfield>
   <subfield code="p">MD.04161</subfield>
   <subfield code="r">2021-03-17</subfield>
   <subfield code="s">2021-02-24</subfield>
   <subfield code="v">36000.00</subfield>
   <subfield code="w">2019-09-03</subfield>
   <subfield code="y">BK</subfield>
  </datafield>
  <datafield tag="952" ind1=" " ind2=" ">
   <subfield code="0">0</subfield>
   <subfield code="1">0</subfield>
   <subfield code="2">ddc</subfield>
   <subfield code="4">0</subfield>
   <subfield code="6">428_200000000000000_W178</subfield>
   <subfield code="7">0</subfield>
   <subfield code="9">17565</subfield>
   <subfield code="a">000001</subfield>
   <subfield code="b">000001</subfield>
   <subfield code="d">2019-09-03</subfield>
   <subfield code="o">428.2 W178</subfield>
   <subfield code="p">MD.04162</subfield>
   <subfield code="r">2019-09-03</subfield>
   <subfield code="v">36000.00</subfield>
   <subfield code="w">2019-09-03</subfield>
   <subfield code="y">BK</subfield>
  </datafield>
  <datafield tag="980" ind1=" " ind2=" ">
   <subfield code="a">Thư viện Trường Đại học Nam Cần Thơ</subfield>
  </datafield>
 </record>
</collection>
